000 00553nam a22001577a 4500
005 20120302115932.0
020 _a8175344776
_c450.00
035 _aB-220621
037 _aDPL
_bENG
100 _aSinghvi, Abhishek Manu
_943327
245 _aCandid corner :
_bReflections of Abhishek Singhvi /
_cby Abhishek Manu Singhvi
260 _aDelhi
_bUniversal Law Publishing co.
_c2006
300 _axiv, 288p.
_c20 cms.
942 _2ddc
_cEN
_h080
_mSIN
999 _c63679
_d63679